000 01680nam a2200421 a 4500
001 ebr10745087
003 CaPaEBR
006 m o u
007 cr cn|||||||||
008 130213s2013 alu sb 001 0deng d
010 _z 2013005900
020 _z9780817318000 (trade cloth : alk. paper)
020 _z9780817386788 (e-book)
040 _aCaPaEBR
_cCaPaEBR
035 _a(OCoLC)854633185
041 1 _aeng
_hspa
043 _as-cl---
050 1 4 _aF3285.J4
_bG65 2013eb
082 0 4 _a305.800983
_223
100 1 _aGoldschmidt Wyman, Eva.
240 1 0 _aHuyendo del infierno nazi.
_lEnglish
245 1 0 _aEscaping Hitler
_h[electronic resource] :
_ba Jewish haven in Chile /
_cEva Goldschmidt Wyman.
260 _aTuscaloosa :
_bUniversity of Alabama Press,
_c2013.
300 _ax, 219 p.
440 0 _aJudaic studies series
504 _aIncludes bibliographical references and index.
533 _aElectronic reproduction.
_bPalo Alto, Calif. :
_cebrary,
_d2013.
_nAvailable via World Wide Web.
_nAccess may be limited to ebrary affiliated libraries.
600 1 0 _aGoldschmidt Wyman, Eva.
650 0 _aJews, German
_zChile
_xHistory
_y20th century.
650 0 _aJewish refugees
_zChile
_xHistory
_y20th century.
650 0 _aJewish refugees
_zChile
_vBiography.
650 0 _aJews
_xPersecutions
_zGermany
_xHistory
_y20th century.
651 0 _aChile
_xEmigration and immigration
_xHistory
_y20th century.
651 0 _aChile
_xEthnic relations.
655 7 _aElectronic books.
_2local
710 2 _aebrary, Inc.
856 4 0 _uhttp://site.ebrary.com/lib/rucke/Doc?id=10745087
_zAn electronic book accessible through the World Wide Web; click to view
999 _c14073
_d14073